Guess the South American City by Picture - Statistics

General Stats
  • This quiz has been taken 35 times
  • The average score is 11 of 15
Answer Stats
Picture Hint Answer % Correct
Brazil Rio de Janeiro
97%
Argentina Buenos Aires
94%
Chile Santiago
88%
Peru Lima
85%
Colombia Bogota
82%
Venezuela Caracas
82%
Brazil Brasilia
79%
Paraguay Asuncion
73%
Uruguay Montevideo
73%
Guyana Georgetown
64%
Colombia Medellin
61%
Suriname Paramaribo
58%
French Guyana(France) Cayenne
45%
Brazil Manaus
45%
Brazil Belem
36%
No matching quizzes found
Score Distribution
Percent of People with Each Score
Percentile by Number Answered
Your Score History
You have not taken this quiz